| 000 | 00667nam a2200229 a 4500 | ||
|---|---|---|---|
| 005 | 20140310183310.0 | ||
| 008 | 050914s19uu xx 00 eng d | ||
| 020 | _a0-443-07341-4 | ||
| 050 |
_aQP 34.5 _b.D492 2005 |
||
| 100 | _aChamley, Carol A. | ||
| 245 |
_aDevelopmental anatomy and physiology of children: _ba practical approach. |
||
| 260 |
_aEdinburgh : _bElseviere Churchill Livingstone, _c2005. |
||
| 300 | _a316 | ||
| 650 |
_aChildren _xPhysiology. |
||
| 650 |
_aChildren _xGrowth. |
||
| 650 | _aHuman anatomy. | ||
| 700 | _aCarson, Pauline | ||
| 700 | _aRandall, Duncan | ||
| 700 | _aSandwell, Mary | ||
| 942 |
_cBK _2lcc _kFOR |
||
| 999 |
_c21134 _d21134 |
||